Statistics for Image to Country - Multiple Choice #2

Click here to take the quiz!

General Stats

  • This quiz has been taken 32,786 times
    (32,771 since last reset)
  • The average score is 10 of 15

Answer Stats

QuestionAnswer% Correct
Which of these images is of Australia?
96%
Which of these images is of India?
89%
Which of these images is of Indonesia?
88%
Which of these images is of Mexico?
82%
Which of these images is of Norway?
81%
Which of these images is of Turkey?
75%
Which of these images is of South Africa?
74%
Which of these images is of Italy?
72%
Which of these images is of Saudi Arabia?
61%
Which of these images is of Estonia?
61%
Which of these images is of Madagascar?
60%
Which of these images is of France?
57%
Which of these images is of Bolivia?
41%
Which of these images is of Panama?
40%
Which of these images is of South Korea?
22%

Score Distribution

Percentile by Number Answered

Percent of People with Each Score

Your Score History

You have not taken this quiz since the last reset